000 01812nam a22001577a 4500
041 _aukr
080 _a09
090 _bПРО
100 _aПрокопюк, М. А.
245 _aГендерний аналіз особливостей комунікативної поведінки
260 _aОстрог
_bКАФ
_c2013
300 _a51
520 _aВступ. Розділ І. Гендерні особливості комунікації. 1.1. Поняття гендеру та його звязок із комунікацією 1.2. Мовні особливості жінки та чоловіка в соціокультурному контексті 1.3. Чоловіча та жіноча стратегії комунікативної поведінки Розділ ІІ. Особливості жіночої та чоловічої комунікативної поведінки. 2.1. Репрезентація дихотомії "чоловіче-жіноче" у комунікації 2.2. Гендерні стереотипи вербальної комунікації 2.3. Дослідження розмовної мови представників двох гендерних груп Розділ ІІІ. Охорона праці. Методи оцінки умов праці. 3.1. Поняття умови праці та необхідність їх покращення 3.2. Принципи класифікації умов праці 3.3. Порядок проведення атестації робочих місць 3.4. Методи оцінки умов праці Висновки. Список використаної літератури.
_0гендер, комунікативна поведінка
650 _aResearch Papers
999 _c285337
_d285337
942 _cBK